California Bay Area Knowledge Quiz - Statistics

General Stats
  • This quiz has been taken 62 times
  • The average score is 7 of 15
Answer Stats
Hint Answer % Correct
How many commercial airports are in the Bay Area 4
88%
What city in the California Bay Area is the biggest San Jose
86%
How many counties make up the Bay Area 9
82%
What railway transit system services the Bay Area BART
82%
What suspension bridge connects San Francisco to Marin County Golden Gate Bridge
68%
What NHL team originates in San Jose Sharks
68%
What car brand was founded in 2003 in Palo Alto Tesla
65%
What famous pier is known for its sea lions Pier 39
49%
What famous actor was born in the Bay Area who voiced Woody from Toy Story Tom Hanks
46%
What 2 Major Universities are in the Bay Area Berkeley and Stanford
21%
How many municipalities are in the Bay Area 101
12%
What is the current population 7.5 Million
4%
When was Alcatraz founded (not including Fort Alcatraz) August 11, 1934
0%
What is the highest elevation, standing at 4,360 feet above sea level Copernicus Peak
0%
When was San Francisco established June 29th, 1776
0%
No matching quizzes found
Score Distribution
Percent of People with Each Score
Percentile by Number Answered
Your Score History
You have not taken this quiz